000 00764nab a2200241 u 4500
001 10649
003 HDC
007 cr bn ---aaaaa
008 210205c20120205my dr|nes 0 a may d
040 _aHDC
245 0 _aLogo halal simbol jaminan kualiti - Othman
260 _aKuala Lumpur :
_bMedia Mulia Sdn. Bhd.,
_c2012
336 _atext
_2rdacontent
337 _acomputer
_2rdamedia
338 _aonline resource
_2rdacarrier
650 _aHalal certificate
_9482
650 _aHalal industry
_9144
710 _aKosmo
856 _zRequest full-text at [email protected]
942 _2lcc
942 _cNEWS
942 _kNWSC 003897
999 _c7972
_d7972